Doctorandus (průvodce budoucích Ph.D.)

Salvato in:
Dettagli Bibliografici
Autore principale: Liška, Václav
Natura: Libro
Lingua:ceco
Pubblicazione: Praha Professional Publishing 2004
Edizione:1. vyd.
Soggetti:
Accesso online:Visualizza in OPAC
Tags: Aggiungi Tag
Nessun Tag, puoi essere il primo ad aggiungerne!!

MARC

LEADER 00000nam a2200000 a 4500
005 20260127134030.0
008 050314 2004 xr 000 0 cze d
020 |a 8086419606 
035 |a vtls001519553 
039 9 |a 201512011050  |b AUTHORITY  |c 200602141257  |d msavuk02  |y 200503141033  |z mschk03 
040 |a STUSCHK1  |b slo  |c STUSCHK1  |e AACR2 
080 |a 378 
080 |a 245 
080 |a (035) 
100 1 |a Liška, Václav  |9 984 
245 1 |a Doctorandus  |b (průvodce budoucích Ph.D.) 
250 |a 1. vyd. 
260 |a Praha  |b Professional Publishing  |c 2004 
300 |a 149 s. 
650 0 |a doktorandské štúdium 
655 0 |a príručky 
910 |a SCHK95 
910 |a savuk 
919 |a 80-86419-60-6 
999 |c 2473  |d 2473